Countries that have controlled Samarkand - Statistics

General Stats
  • This quiz has been taken 57 times
  • The average score is 11 of 24
Answer Stats
Answer % Correct
Mongol Empire
98%
Uzbekistan
95%
Achaemenid Empire
90%
Soviet Union
90%
Russian Empire
86%
Russian SFSR
86%
Macedonian Empire
69%
Timurid Empire
55%
Greco-Bactrian Kingdom
40%
Khanate of Bukhara
38%
Seljuk Empire
38%
Chagatai Khanate
36%
Western Chagatai Khanate
36%
Seleucid Empire
33%
Abbasid Caliphate
31%
First Turkic Khaganate
31%
Western Turkic Khaganate
31%
Khwarazmian Empire
24%
Kushan Empire
21%
Turkestan Autonomy
17%
Khanate of Kokand
14%
Samanid Empire
7%
Shaybanids
7%
Kara-Khanid Khanate
2%
No matching quizzes found
Score Distribution
Percent of People with Each Score
Percentile by Number Answered
Your Score History
You have not taken this quiz